Before and After III by thisgirliknow Quiz Stats

 Plays Quiz not verified by Sporcle

Support Sporcle.
Go Orange.
Score 0/10 Timer 10:00
0 Plays Today
Before (hint) Answer % Correct
J.D. Salinger's coming of age novelCatcher in the Rye Bread
83.1%
He wants to ask the wizard for a brainThe Scarecrow's feet
80.1%
Pi, rounded to the hundreth3.14 score and seven years ago
72.9%
The most prestigious award in collegiate footballHeisman Trophy Wife
71.7%
Queen songBohemian Rhapsody in Blue
53%
Three steps of what to do if you're on fireStop, Drop, and Roll Out
38%
Beatles song that was covered for the theme to 'The Wonder Years'With a Little Help From My Friends, Romans, Countrymen
37.3%
Ralph Ellison's novelInvisible Man of La Mancha
31.9%
Moody Blues songNights in White Satin Sashes
23.5%
Bobby McFarrin urges you to...Don't Worry, Be Happy Families Are All Alike
9.6%

You're not logged in!

Compare scores with friends on all Sporcle quizzes.
OR
Log In

From the Vault

Tom Petty Title Match-Up

by metashades

"Well I know what's right, I got just one life, in a world that keeps on pushin' me around, but I'll stand my ground, and I won't back down."
Remove Ads.
Support Sporcle.
Get the best of Sporcle when you Go Orange. This ad-free experience offers more features, more stats, and more fun while also helping to support Sporcle. Thank you for becoming a member.

Show Comments

Extras

Created Oct 3, 2009ReportNominate
Tags:before

Top Quizzes Today


Score Distribution

Your Account Isn't Verified!

In order to create a playlist on Sporcle, you need to verify the email address you used during registration. Go to your Sporcle Settings to finish the process.

Report this User

Report this user for behavior that violates our Community Guidelines.

Details: